000 00620nam a22001937a 4500
005 20260625113439.0
010 _aENG-146432
020 _a9789395481106
_c360.00
035 _aEN-129964
037 _bDBAD
082 _a921
_21
100 _aSubodh Lal
_989466
245 _aFahmida Riaz:
_cSubodh Lal
_bThe Iconic Iconociast/
250 _a1
260 _bVishwakarma Publications
_c2023
_aMaharashtra
270 _a34A/1, Suyog Center, 7th floor, Gultekedi Marketyard Road, Giridhar Bhavan Chowk,
_e411037
_bPune
_minfo@vpindia.co.in
300 _a244p.
_c22cm (pb)
942 _2ddc
_cEN
_h921
_mSUB
999 _c216787
_d216787